Foods that Start with B - Statistics

General Stats
  • This quiz has been taken 175 times
  • The average score is 15 of 24
Answer Stats
Picture Answer % Correct
Blueberry
99%
Banana
97%
Broccoli
96%
Burger
95%
Bacon
94%
Bagel
94%
Brownie
92%
Blackberry
91%
Burrito
85%
Beef
82%
Basil
76%
Blue Cheese
76%
Baguette
72%
Beet
72%
Beans
71%
Biscuit
63%
Brown Rice
49%
Baklava
41%
Barbecue
22%
Breadfruit
20%
Biryani
18%
Buckwheat
7%
Babaco
6%
Barberry
5%
No matching quizzes found
Score Distribution
Percent of People with Each Score
Percentile by Number Answered
Your Score History
You have not taken this quiz